| 000 | 01801cam a2200361 a 4500 | ||
|---|---|---|---|
| 001 | 15520538 | ||
| 003 | OSt | ||
| 005 | 20230404114810.0 | ||
| 008 | 081113s2008 tnu b 001 0 eng d | ||
| 010 | _a 2008300234 | ||
| 020 | _a9780805447880 | ||
| 020 | _a0805447880 | ||
| 035 | _a(OCoLC)ocn236187737 | ||
| 040 |
_aB#M _cB#M _dBTCTA _dDLC |
||
| 042 | _alccopycat | ||
| 043 | _an-us--- | ||
| 050 | 0 | 0 |
_aLC622.U6 _bD63 2008 |
| 100 | 1 | _aDockery, David S. | |
| 245 | 1 | 0 |
_aRenewing minds : _bserving church and society through Christian higher education / _cDavid S. Dockery ; foreword by Robert P. George. |
| 250 | _aRevised and updated. | ||
| 260 |
_aNashville, Tenn. : _bB&H Academic, _c2008. |
||
| 300 | _axxii, 214 p ; | ||
| 504 | _aIncludes Bibliography for Faith and Learning (p. 153-189) and indexes. | ||
| 505 | 0 | _aLoving God with our minds -- Renewing minds, serving church and society -- Shaping a Christian worldview -- Reclaiming the Christian intellectual tradition -- Integrating faith and learning -- Envisioning a shared community of tradition, belonging, and renewed minds -- Establishing a grace-filled academic community -- Developing a theology for Christian higher education -- Thinking globally about the future. | |
| 650 | 0 |
_aChristian education _zUnited States. |
|
| 650 | 0 |
_aChristian universities and colleges _zUnited States. |
|
| 650 | 0 |
_aEducation, Higher _zUnited States. |
|
| 856 | 4 | 2 |
_3Contributor biographical information _uhttp://www.loc.gov/catdir/enhancements/fy0903/2008300234-b.html |
| 856 | 4 | 2 |
_3Publisher description _uhttp://www.loc.gov/catdir/enhancements/fy0903/2008300234-d.html |
| 906 |
_a7 _bcbc _ccopycat _d2 _encip _f20 _gy-gencatlg |
||
| 942 |
_2lcc _cBK |
||
| 999 |
_c20101 _d20100 |
||